Datum a čas kvízu

22 Celkem bodů Celkový počet nahraných bodů na tomto kvízu bez doplňovacích otázek.
4. Pořadí na kvízu Konečné umístění týmu na tomto kvízu.

Zaznamenané odpovědi

# Otázka Odpověď Body Výsledky
1. Začneme netradičně tématem, kt... EXIM tours 1
2. Na logu cestovní kanceláře Čed... 1920 0
3. S cestovkou, která měla v logu... Globtour 0
4. Tato cestovka je stále v dobré... Adventura 0
5. První odbočka do světa filmu.... A 0
6. Pokud cestujeme mimo EU, potře... osmimístné 0
7. Současně používaný český pas s... unie 0
8. Na straně 1 cestovního pasu na... v irštině 0
9. Rodiče sedmiletého dítěte zažá... 5 let 1
10. Smí mít občan ČR více cestovní... může mít více pasů 0